[Event "Elit(Kamraterna-Solna)"]
[Site "?"]
[Date "2012.03.10"]
[Round "8"]
[White "Hattab, Hashim"]
[Black "Steneskog, Per"]
[Result "1-0"]
[WhiteElo "2000"]
[BlackElo "2249"]
[PlyCount "117"]

1. d4 d5 2. c4 e6 3. Nc3 c5 4. e3 Nf6 5. cxd5 exd5 6. g3 Nc6 7. Nge2 Be6 8. Bg2
Qd7 9. Nf4 Rd8 10. h3 Bd6 11. Nxe6 fxe6 12. h4 O-O 13. a3 a6 14. h5 Qc7 15. f4
Rfe8 16. h6 gxh6 17. Rxh6 Qg7 18. Rh3 Kh8 19. Bf3 Rg8 20. Qd3 Qg6 21. Qxg6 Rxg6
22. dxc5 Bxc5 23. b4 Bf8 24. Na4 Bg7 25. Bb2 Nd7 26. g4 b5 27. Bxg7+ Kxg7 28.
Nb2 Nb6 29. Nd3 Nc4 30. Ke2 a5 31. g5 Kg8 32. Rah1 Rg7 33. Nc5 Re7 34. Rh6 axb4
35. axb4 Nxb4 36. Bg4 e5 37. Be6+ Kf8 38. g6 exf4 39. gxh7 f3+ 40. Kxf3 Ne5+
41. Kf4 Kg7 42. Kxe5 Kh8 43. Kf6 Nc6 44. Nd3 Rf8+ 45. Kg5 Nd8 46. Nf4 Rxf4 47.
exf4 Nxe6+ 48. Kf6 Re8 49. Kf7 Ng7 50. f5 Rb8 51. f6 Rb7+ 52. Kg6 Ne6 53. f7 b4
54. Kf5 Nf8 55. Kf6 b3 56. R6h2 d4 57. Rg1 Nd7+ 58. Ke6 Nc5+ 59. Kd5 1-0

[Event "Elit(Team Viking-Limhamn)"]
[Site "?"]
[Date "2012.03.10"]
[Round "8"]
[White "Ahlander, Bjorn"]
[Black "Agrest, Evgenij"]
[Result "1/2-1/2"]
[WhiteElo "2490"]
[BlackElo "2714"]
[PlyCount "90"]

1. d4 d5 2. c4 c6 3. Nf3 Nf6 4. e3 Bf5 5. Bd3 Bxd3 6. Qxd3 e6 7. O-O Nbd7 8.
Nc3 Bb4 9. a3 Bxc3 10. bxc3 Qc7 11. a4 O-O 12. Ba3 Rfe8 13. Nd2 Rac8 14. Rfc1
Nb6 15. a5 Nxc4 16. Nxc4 dxc4 17. Qxc4 e5 18. Qc5 Nd7 19. Qd6 c5 20. Qxc7 Rxc7
21. Rab1 b6 22. dxc5 bxc5 23. Rd1 f6 24. Rd5 Kf7 25. c4 Ke6 26. Kf1 Rec8 27. e4
g6 28. g4 Ke7 29. Rb3 g5 30. Rb5 Ke8 31. Ke2 Rc6 32. Kd3 R8c7 33. Kc3 Ke7 34.
Kc2 Kf7 35. Kd3 Kg6 36. Ke3 h5 37. h3 h4 38. Kd3 Kf7 39. Kc3 Ke7 40. Kc2 Ke8
41. Kc3 Kf7 42. Kc2 Kg7 43. Kc3 Kg6 44. Kd3 Kf7 45. Kc3 Kf8 1/2-1/2

[Event "Elit(Team Viking-Limhamn)"]
[Site "?"]
[Date "2012.03.10"]
[Round "8"]
[White "Ivanov, Sergej"]
[Black "Jepson, Christian"]
[Result "1-0"]
[WhiteElo "2615"]
[BlackElo "2467"]
[PlyCount "107"]

1. d4 d5 2. Nf3 e6 3. c4 c5 4. cxd5 exd5 5. g3 Nc6 6. Bg2 Nf6 7. O-O Be7 8. Be3
c4 9. Ne5 O-O 10. b3 cxb3 11. Qxb3 Bd6 12. Nc3 Nxe5 13. dxe5 Bxe5 14. Rad1 Bxc3
15. Qxc3 Be6 16. Bd4 b6 17. f4 Rc8 18. Qa3 Bf5 19. Qxa7 Ra8 20. Qxb6 Qxb6 21.
Bxb6 Rxa2 22. Bf3 Be4 23. Bd4 Re8 24. Ra1 Rxa1 25. Rxa1 h6 26. Ra7 Bxf3 27.
exf3 Re2 28. Ra8+ Re8 29. Ra5 Re2 30. f5 Rd2 31. Be3 Re2 32. Ra8+ Kh7 33. Bd4
Rd2 34. Be3 Re2 35. Bf2 Nd7 36. Kf1 Rc2 37. Re8 f6 38. f4 Rc4 39. Rd8 Nc5 40.
Rxd5 Ne4 41. Be3 h5 42. Kg2 Rc6 43. Kf3 Nc3 44. Rd7 Kh6 45. h3 g6 46. fxg6 Kxg6
47. g4 hxg4+ 48. hxg4 f5 49. Bd4 fxg4+ 50. Kxg4 Rc4 51. f5+ Kh6 52. Rd6+ Kh7
53. Rd8 Ne2 54. Rh8# 1-0

[Event "Elit(Team Viking-Limhamn)"]
[Site "?"]
[Date "2012.03.10"]
[Round "8"]
[White "Johansson, Linus"]
[Black "Berg, Emanuel"]
[Result "0-1"]
[WhiteElo "2331"]
[BlackElo "2569"]
[PlyCount "98"]
[EventDate "2012.??.??"]

1. d4 Nf6 2. c4 g6 3. g3 Bg7 4. Bg2 O-O 5. Nf3 d6 6. O-O c6 7. Nc3 Qb6 8. e4
Bg4 9. h3 Bxf3 10. Bxf3 Nfd7 11. d5 Nc5 12. Na4 Nxa4 13. Qxa4 Nd7 14. Rb1 Qc5
15. b3 Ne5 16. Bg2 a5 17. Ba3 Qb6 18. Kh2 Rfc8 19. dxc6 Nxc6 20. f4 Nb4 21. Bb2
Bxb2 22. Rxb2 Nd3 23. Rd2 Qe3 24. Rc2 Ne1 25. Rcf2 Nxg2 26. Rxg2 Qxe4 27. Qd7
a4 28. Rff2 Rd8 29. Qb5 axb3 30. axb3 Ra1 31. Ra2 Ra8 32. Rxa8+ Rxa8 33. c5 Ra1
34. cxd6 exd6 35. Qc4 Qe1 36. g4 Rc1 37. Qd3 Qh1+ 38. Kg3 Qe1+ 39. Kh2 Rd1 40.
Qc2 d5 41. Qe2 Qh1+ 42. Kg3 Re1 43. Qf2 h6 44. Qc5 Rd1 45. Re2 Rd3+ 46. Re3
Qg1+ 47. Kf3 Kg7 48. g5 hxg5 49. fxg5 Rxb3 0-1

[Event "Elit(Team Viking-Limhamn)"]
[Site "?"]
[Date "2012.03.10"]
[Round "8"]
[White "Carlsson, Pontus"]
[Black "Penalver, Osmani"]
[Result "1-0"]
[WhiteElo "2618"]
[BlackElo "2307"]
[PlyCount "87"]
[SourceDate "2012.03.12"]

1. e4 c5 2. Nf3 d6 3. d4 cxd4 4. Nxd4 Nf6 5. Nc3 a6 6. Bg5 e6 7. f4 h6 8. Bh4
Qb6 9. Qd3 Qxb2 10. Rb1 Qa3 11. f5 Be7 12. fxe6 Bxe6 13. Nxe6 fxe6 14. e5 dxe5
15. Bxf6 Bxf6 16. Qg6+ Ke7 17. Ne4 Rd8 18. Bd3 Rxd3 19. O-O Rd7 20. Nxf6 Qe3+
21. Kh1 gxf6 22. Rxf6 Kd8 23. Rf8+ Kc7 24. Qe8 Kd6 25. Rf3 Qe2 26. Rd3+ Kc7 27.
Rxd7+ Nxd7 28. Qxa8 Nc5 29. Qh8 b5 30. Qxh6 e4 31. Qg7+ Kc6 32. Qc3 Kb6 33. Re1
Qh5 34. Qd4 Kc7 35. a3 Qd5 36. Qxd5 exd5 37. h4 Kd6 38. h5 Ke5 39. h6 Kf6 40.
Rd1 e3 41. h7 Kg7 42. Rxd5 Ne4 43. Re5 Nf2+ 44. Kg1 1-0

[Event "Elit(Team Viking-Limhamn)"]
[Site "?"]
[Date "2012.03.10"]
[Round "8"]
[White "Lindgren, Philip"]
[Black "Lindberg, Bo"]
[Result "1/2-1/2"]
[WhiteElo "2275"]
[BlackElo "2464"]
[PlyCount "120"]

1. d4 f5 2. g3 Nf6 3. Bg2 g6 4. Nf3 Bg7 5. O-O O-O 6. b3 Ne4 7. Bb2 Nc6 8. Nbd2
d6 9. Ne1 Nxd2 10. Qxd2 Qe8 11. f4 e5 12. Bd5+ Kh8 13. dxe5 dxe5 14. Nd3 exf4
15. Bxg7+ Kxg7 16. Rxf4 Be6 17. Qc3+ Kg8 18. e4 Bxd5 19. exd5 Ne7 20. Qe5 Qf7
21. c4 g5 22. Rf2 Ng6 23. Qd4 b6 24. Raf1 Rae8 25. Nb4 Ne5 26. Nd3 Qf6 27. Nxe5
Rxe5 28. b4 Kg7 29. Kg2 Rf7 30. Rd1 Rfe7 31. c5 Re2 32. d6 Rxf2+ 33. Kxf2 cxd6
34. cxb6 Qxd4+ 35. Rxd4 axb6 36. Rxd6 Ra7 37. Rxb6 Rxa2+ 38. Kg1 Rb2 39. h3 Kf7
40. Kh1 Ke7 41. Rh6 Rxb4 42. Rxh7+ Kf6 43. Kg2 Rb2+ 44. Kf3 Rh2 45. g4 f4 46.
Ke4 Re2+ 47. Kf3 Re3+ 48. Kf2 Kg6 49. Ra7 Rd3 50. Ra6+ Kf7 51. Ra5 Kf6 52. Rf5+
Kg6 53. h4 gxh4 54. Rxf4 Kg5 55. Rf3 Rd2+ 56. Kg1 Rd1+ 57. Rf1 Rd3 58. Ra1 h3
59. Kh1 Kh4 60. g5 Kxg5 1/2-1/2

[Event "Elit(Team Viking-Limhamn)"]
[Site "?"]
[Date "2012.03.10"]
[Round "8"]
[White "Sagit, Rauan"]
[Black "Tadjerbashi, Amir"]
[Result "1/2-1/2"]
[WhiteElo "2432"]
[BlackElo "2240"]
[PlyCount "133"]

1. e4 e5 2. Nf3 Nc6 3. Bc4 Bc5 4. O-O Nf6 5. d3 a6 6. Bb3 d6 7. c3 Ba7 8. Qe2
O-O 9. Be3 Bg4 10. h3 Bh5 11. Bxa7 Rxa7 12. Nbd2 Re8 13. Rfe1 Ra8 14. Nf1 Qd7
15. Ng3 Bg6 16. Nh4 Nd8 17. Nhf5 Ne6 18. Qf3 Kh8 19. Rad1 Rad8 20. Rd2 Nc5 21.
Bc2 d5 22. Qe3 Qc6 23. Nh4 dxe4 24. dxe4 Rxd2 25. Nxg6+ hxg6 26. Qxd2 Ne6 27.
Re3 Rd8 28. Rd3 Rxd3 29. Qxd3 Qd6 30. Qe3 b6 31. Nf1 Kg8 32. Nd2 Nd7 33. b4 c5
34. Qd3 Qxd3 35. Bxd3 b5 36. a3 c4 37. Bc2 Nb6 38. g3 g5 39. Kf1 f6 40. Ke1 Kf7
41. Nf1 g6 42. Kd2 Nc8 43. Ne3 Nd6 44. Nd5 Kg7 45. Ne7 Nd8 46. Ke3 Kf7 47. Nd5
Ne6 48. Bd1 f5 49. Bc2 Kf8 50. Nb6 Ke7 51. Nd5+ Kf7 52. exf5 gxf5 53. f4 gxf4+
54. gxf4 e4 55. Bd1 Kg6 56. a4 Ne8 57. axb5 axb5 58. Ne7+ Kf6 59. Nd5+ Kg6 60.
h4 Nf6 61. Nxf6 Kxf6 62. h5 Kg7 63. Be2 Kh6 64. Bd1 Kg7 65. Be2 Kh6 66. Bd1 Kg7
67. Be2 1/2-1/2

[Event "Elit(Rockaden,Umea-Vasteras)"]
[Site "?"]
[Date "2012.03.10"]
[Round "8"]
[White "Sjodahl, Pontus"]
[Black "Petrov, Marijan"]
[Result "0-1"]
[WhiteElo "2485"]
[BlackElo "2531"]
[PlyCount "58"]

1. d4 g6 2. c4 Bg7 3. e4 c5 4. d5 d6 5. Nc3 e6 6. Bd3 Nf6 7. h3 O-O 8. Nf3 Na6
9. O-O Nc7 10. Re1 Rb8 11. a4 e5 12. Bd2 Na6 13. Nb5 Ra8 14. Bf1 Ne8 15. Na3 f5
16. exf5 gxf5 17. Bc3 Nb4 18. Nc2 a5 19. b3 b6 20. g3 Ra7 21. Kh2 e4 22. Bxg7
Rxg7 23. Nxb4 axb4 24. Ng1 Qg5 25. h4 Qg6 26. Bg2 f4 27. Bxe4 fxg3+ 28. Kh1 g2+
29. Kh2 Qh6 0-1

[Event "Elit(Rockaden,Umea-Vasteras)"]
[Site "?"]
[Date "2012.03.10"]
[Round "8"]
[White "Eriksson, Anders"]
[Black "Forsberg, Viktor"]
[Result "1/2-1/2"]
[WhiteElo "2312"]
[BlackElo "2314"]
[PlyCount "105"]

1. g3 g6 2. Bg2 Bg7 3. c4 d6 4. Nc3 Nf6 5. Nf3 O-O 6. O-O e5 7. d4 Nbd7 8. e4
exd4 9. Nxd4 Re8 10. h3 Nc5 11. Re1 Bd7 12. Bf4 Qc8 13. Kh2 Ne6 14. Be3 Nc5 15.
Qc2 Re5 16. g4 Re8 17. Rad1 a5 18. f4 h6 19. Bf2 Ne6 20. Nxe6 Bxe6 21. c5 dxc5
22. Bxc5 Nd7 23. Be3 Bc4 24. Nd5 Bxd5 25. Rxd5 c6 26. Rd3 Qc7 27. Red1 Nf8 28.
Kg1 Red8 29. b3 Rxd3 30. Rxd3 Rd8 31. Rxd8 Qxd8 32. Qd2 Qc7 33. e5 Nd7 34. Qc3
g5 35. fxg5 Bxe5 36. Qd2 hxg5 37. Bxg5 c5 38. Qd5 b6 39. Be3 Nf8 40. Qc6 Qd8
41. Qd5 Qe7 42. Be4 Kg7 43. Kg2 Ng6 44. Bxg6 fxg6 45. Kf3 Kh7 46. a4 Bg7 47.
Bf2 Qf6+ 48. Kg3 Qc3+ 49. Qf3 Qe5+ 50. Kg2 Qe6 51. Qd3 Bd4 52. Bxd4 cxd4 53.
Qxd4 1/2-1/2

[Event "Elit(Rockaden,Umea-Vasteras)"]
[Site "?"]
[Date "2012.03.10"]
[Round "8"]
[White "Malmstig, Erik"]
[Black "Nilsson, Andre"]
[Result "1-0"]
[WhiteElo "2334"]
[BlackElo "2325"]
[PlyCount "77"]

1. d4 g6 2. e4 d6 3. Nc3 Bg7 4. Be3 a6 5. a4 b6 6. Nf3 Nf6 7. h3 O-O 8. Be2 Bb7
9. d5 c6 10. O-O Nbd7 11. Re1 Nc5 12. dxc6 Bxc6 13. e5 Nfe4 14. Nxe4 Nxe4 15.
Nd4 Bb7 16. Nf3 d5 17. Qd4 Rc8 18. Qxb6 Qxb6 19. Bxb6 Rxc2 20. Bd4 Rfc8 21. Bd3
R2c7 22. b4 Bh6 23. Bb6 Rc3 24. Red1 Nd2 25. Nxd2 Rxd3 26. Nf3 Rxd1+ 27. Rxd1
Rc4 28. Bc5 e6 29. Bd6 Bf8 30. Rb1 Bxd6 31. exd6 Rc6 32. d7 Rd6 33. Ne5 f6 34.
Rc1 fxe5 35. Rc8+ Kf7 36. d8=Q Rxd8 37. Rxd8 Ke7 38. Rh8 Bc6 39. Rxh7+ 1-0

[Event "Elit(Rockaden,Umea-Vasteras)"]
[Site "?"]
[Date "2012.03.10"]
[Round "8"]
[White "Brustkern, Jurgen"]
[Black "Engman, Rickard"]
[Result "1/2-1/2"]
[WhiteElo "2281"]
[BlackElo "2251"]
[PlyCount "26"]
[SourceDate "2012.03.12"]

1. Nf3 Nf6 2. c4 e6 3. d4 b6 4. Nc3 Bb7 5. e3 Bb4 6. Bd3 Ne4 7. O-O Bxc3 8.
bxc3 Nxc3 9. Qc2 Bxf3 10. gxf3 Qg5+ 11. Kh1 Qh5 12. Kg2 Qg5+ 13. Kh1 Qh5
1/2-1/2

[Event "Elit(Rockaden,Umea-Vasteras)"]
[Site "?"]
[Date "2012.03.10"]
[Round "8"]
[White "Lindgren, Fredrik"]
[Black "Janse, Rasmus"]
[Result "0-1"]
[WhiteElo "2199"]
[BlackElo "2253"]
[PlyCount "90"]

1. d4 g6 2. c4 Bg7 3. Nc3 d6 4. e4 Nc6 5. Be3 e5 6. Nge2 Nf6 7. f3 O-O 8. Qd2
a6 9. d5 Ne7 10. g4 h5 11. gxh5 Nxh5 12. Ng3 f5 13. Nxh5 gxh5 14. Rg1 Kh7 15.
Bg5 Rg8 16. Bh3 f4 17. Bxc8 Rxc8 18. Qf2 Bh6 19. Qh4 Qe8 20. Kf2 Bxg5 21. Rxg5
Rxg5 22. Qxg5 Qf7 23. Rg1 c6 24. Qh4 cxd5 25. Rg5 Kh6 26. cxd5 b5 27. a3 Rc5
28. Rg1 a5 29. Qh3 b4 30. axb4 axb4 31. Ne2 Ng6 32. Qe6 Qxe6 33. dxe6 Ne7 34.
Rd1 Rc6 35. Rg1 d5 36. exd5 Nxd5 37. Rd1 Ne3 38. Rd7 Rxe6 39. Rb7 Nd1+ 40. Kf1
Ne3+ 41. Kf2 Nd1+ 42. Kf1 Rg6 43. Rb5 Ne3+ 44. Ke1 Rd6 45. Kf2 Rd1 0-1

[Event "Elit(Rockaden,Umea-Vasteras)"]
[Site "?"]
[Date "2012.03.10"]
[Round "8"]
[White "Nordebrink, Johan"]
[Black "Eriksson, Jorgen"]
[Result "0-1"]
[WhiteElo "2150"]
[BlackElo "2246"]
[PlyCount "63"]

1. e4 c5 2. c3 g6 3. d4 cxd4 4. Nf3 d5 5. Qxd4 Nf6 6. e5 Nc6 7. Bb5 Ne4 8. Nbd2
Nxd2 9. Bxd2 Bg7 10. Bf4 O-O 11. Qe3 Bg4 12. Nd4 Rc8 13. f3 Bd7 14. Bxc6 bxc6
15. h4 c5 16. Ne2 Qb6 17. Rd1 Qxb2 18. h5 Ba4 19. Rxd5 Qxa2 20. Rxc5 Qb1+ 21.
Nc1 Qb6 22. Rxc8 Rxc8 23. Qxb6 axb6 24. Kd2 f6 25. hxg6 hxg6 26. Be3 Kf7 27.
Nd3 Bb5 28. Bxb6 fxe5 29. Nf2 Rb8 30. Bc7 Rb7 31. Ba5 Bc4 32. Bb4 0-1

[Event "Elit(Rockaden,Umea-Vasteras)"]
[Site "?"]
[Date "2012.03.10"]
[Round "8"]
[White "Nygren, David"]
[Black "Norberg, Erik"]
[Result "1-0"]
[WhiteElo "2194"]
[BlackElo "2234"]
[PlyCount "101"]

1. e4 g6 2. d4 Bg7 3. Nf3 d6 4. c3 Nf6 5. Bd3 O-O 6. h3 e5 7. O-O Nc6 8. Re1
Ne8 9. Bb5 Bd7 10. a4 a6 11. Bf1 Kh8 12. dxe5 dxe5 13. Na3 Nd6 14. Nc4 Nxc4 15.
Bxc4 Qe7 16. Bg5 f6 17. Be3 Rfd8 18. Qc2 Be6 19. Bxe6 Qxe6 20. Nd2 Rd7 21. Qb3
Qxb3 22. Nxb3 Bf8 23. Bc5 Bh6 24. Be3 Bf8 25. g3 a5 26. Rad1 Rad8 27. Rxd7 Rxd7
28. Re2 b6 29. Kg2 Kg8 30. Rd2 Rxd2 31. Nxd2 Kf7 32. Kf1 Nd8 33. Ke2 Nb7 34.
Nb3 Ke6 35. Kd3 Be7 36. f3 f5 37. g4 Bd8 38. Nd2 h5 39. exf5+ gxf5 40. gxh5 Nd6
41. b4 Kf6 42. bxa5 bxa5 43. c4 f4 44. Bf2 Kg5 45. Ne4+ Kxh5 46. Nxd6 cxd6 47.
Ke4 Bh4 48. Bb6 Be1 49. c5 Bf2 50. Bxa5 Bxc5 51. Bd8 1-0

[Event "Elit(Eksjo-Manhem)"]
[Site "?"]
[Date "2012.03.10"]
[Round "8"]
[White "Vas, Peter"]
[Black "Gdanski, Jacek"]
[Result "1-0"]
[WhiteElo "2591"]
[BlackElo "2420"]
[PlyCount "145"]

1. e4 e6 2. d4 d5 3. Nd2 Nf6 4. e5 Nfd7 5. Bd3 c5 6. c3 b6 7. Ne2 Ba6 8. Bxa6
Nxa6 9. O-O Be7 10. Nf4 b5 11. Qg4 g6 12. a3 Nc7 13. g3 a5 14. h4 h5 15. Qe2 c4
16. Nf3 Nb6 17. Bd2 Kd7 18. Ng2 Kc6 19. Ng5 Bxg5 20. Bxg5 Qd7 21. Bd2 Ne8 22.
Nf4 Ng7 23. Rfb1 Nf5 24. Nh3 Rhb8 25. Be1 Kc7 26. f3 Rh8 27. Qd1 Rab8 28. Ng5
Nc8 29. Kh2 Na7 30. Qe2 Nc6 31. Qd1 Rb7 32. Qc2 Kb8 33. Qd1 Kc7 34. Kh3 Qe7 35.
Qc1 Kd7 36. Qf4 Ke8 37. Bd2 Kd7 38. Be1 Rbb8 39. Bd2 Rbf8 40. Be1 f6 41. exf6
Rxf6 42. Qd2 Nd6 43. Bf2 Nf7 44. Be3 Rf5 45. Rf1 Nxg5+ 46. Bxg5 Qf7 47. Kg2 Rf8
48. Bh6 Rh8 49. g4 hxg4 50. fxg4 Rxf1 51. Rxf1 Qe8 52. Kh3 e5 53. dxe5 Qxe5 54.
Re1 Qd6 55. Bf4 Qc5 56. Bg3 Re8 57. Rd1 d4 58. Qf4 Re2 59. Qc7+ Ke8 60. Rxd4
Re3 61. Qd7+ Kf8 62. Rf4+ Kg8 63. Qf7+ Kh8 64. Rf3 Rxf3 65. Qxf3 Kg7 66. Qe4 a4
67. Kg2 Kf7 68. h5 Ne7 69. h6 Kg8 70. Bf4 Kh7 71. Be3 Qd6 72. Qf4 Qe6 73. Bd4
1-0

[Event "Elit(Eksjo-Manhem)"]
[Site "?"]
[Date "2012.03.10"]
[Round "8"]
[White "Cicak, Slavko"]
[Black "Welin, Mats"]
[Result "1-0"]
[WhiteElo "2605"]
[BlackElo "2353"]
[PlyCount "51"]
[EventDate "2012.03.12"]
[SourceDate "2012.03.12"]

1. e4 e5 2. Nf3 Nc6 3. Bb5 a6 4. Ba4 Nf6 5. d3 b5 6. Bb3 Be7 7. Nc3 d6 8. a4
Na5 9. axb5 Nxb3 10. cxb3 Bb7 11. bxa6 Rxa6 12. Bg5 O-O 13. O-O Nd7 14. Rxa6
Bxa6 15. Bxe7 Qxe7 16. b4 Rb8 17. Qc2 Qd8 18. Ra1 Ra8 19. h3 c6 20. d4 Qb6 21.
dxe5 Nxe5 22. Nxe5 dxe5 23. b5 cxb5 24. Nd5 Qd6 25. Qc7 Qe6 26. Nb6 1-0

[Event "Elit(Eksjo-Manhem)"]
[Site "?"]
[Date "2012.03.10"]
[Round "8"]
[White "Hultin, Johan"]
[Black "Vernersson, Per"]
[Result "1/2-1/2"]
[WhiteElo "2359"]
[BlackElo "2454"]
[PlyCount "79"]

1. d4 d5 2. c4 dxc4 3. Nf3 Nf6 4. e3 e6 5. Bxc4 c5 6. O-O a6 7. dxc5 Bxc5 8.
Qxd8+ Kxd8 9. Nbd2 Ke7 10. Ng5 b5 11. Nde4 Nxe4 12. Nxe4 Bb4 13. Be2 Bb7 14.
Bd2 Bxd2 15. Nxd2 Rc8 16. Nb3 Nd7 17. Na5 Bd5 18. Rfc1 Nc5 19. Kf1 f5 20. g3
Na4 21. b3 Nc3 22. Bd3 Bf3 23. Ke1 Rc7 24. Nc4 b4 25. a3 a5 26. Ne5 Bd5 27.
axb4 axb4 28. Rxa8 Bxa8 29. Ra1 Bd5 30. Bc4 Kf6 31. f4 Bxc4 32. Nxc4 Rxc4 33.
bxc4 b3 34. Kd2 b2 35. Rh1 b1=Q 36. Rxb1 Nxb1+ 37. Kc2 Na3+ 38. Kb3 Nb1 39. Kc2
Na3+ 40. Kb3 1/2-1/2

[Event "Elit(Eksjo-Manhem)"]
[Site "?"]
[Date "2012.03.10"]
[Round "8"]
[White "Ornstein, Axel"]
[Black "Olausson, Claes-Goran"]
[Result "0-1"]
[WhiteElo "2444"]
[BlackElo "2360"]
[PlyCount "54"]

1. d4 d5 2. c4 c6 3. Nc3 Nf6 4. e3 a6 5. Bd2 b5 6. cxd5 cxd5 7. b4 Nc6 8. Qb3
e5 9. Nf3 Qd6 10. Nxb5 axb5 11. Bxb5 exd4 12. Nxd4 Bd7 13. Bxc6 Bxc6 14. f3 Ba4
15. Qb2 Qd7 16. O-O Bd6 17. Bc3 O-O 18. g4 Rfc8 19. Nf5 d4 20. Nxd4 Nxg4 21.
fxg4 Qxg4+ 22. Kh1 Be5 23. Rac1 Bd7 24. b5 Bxd4 25. Bxd4 Bf5 26. Rxf5 Rxc1+ 27.
Qxc1 Qxf5 0-1

[Event "Elit(Eksjo-Manhem)"]
[Site "?"]
[Date "2012.03.10"]
[Round "8"]
[White "Moberg, Karl Johan"]
[Black "Malesevic, Nedeljko"]
[Result "1-0"]
[WhiteElo "2337"]
[BlackElo "2362"]
[PlyCount "73"]

1. d4 d5 2. c4 e6 3. Nf3 Nf6 4. Bg5 Be7 5. e3 O-O 6. Nc3 c6 7. Bd3 Nbd7 8. O-O
dxc4 9. Bxc4 Nd5 10. Bxe7 Qxe7 11. Ne4 N5b6 12. Bb3 Rd8 13. Qc2 Nd5 14. Rac1
Nb4 15. Qb1 Nf6 16. Ng3 a5 17. a3 Na6 18. Qc2 Bd7 19. e4 Rdc8 20. e5 Ne8 21.
Ne4 c5 22. d5 c4 23. d6 Qf8 24. Ba2 f5 25. Ned2 b5 26. a4 Nb4 27. Qb1 Nd3 28.
Rc3 Nf4 29. axb5 Bxb5 30. Bxc4 Bxc4 31. Rxc4 Rxc4 32. Nxc4 Qf7 33. Rd1 Qg6 34.
Ne3 Rd8 35. Qc2 Qf7 36. Qc4 h6 37. Qxf4 1-0

[Event "Elit(Eksjo-Manhem)"]
[Site "?"]
[Date "2012.03.10"]
[Round "8"]
[White "Karlsson, Roger"]
[Black "Akesson, Joel"]
[Result "1/2-1/2"]
[WhiteElo "1917"]
[BlackElo "2349"]
[PlyCount "98"]

1. e4 c5 2. Nc3 Nc6 3. g3 g6 4. Bg2 Bg7 5. d3 d6 6. Be3 Nd4 7. Qd2 Qa5 8. Nf3
Bh3 9. Nxd4 Bxg2 10. Nb3 Qd8 11. Rg1 Bf3 12. d4 c4 13. Nc1 Nf6 14. Bh6 Bxh6 15.
Qxh6 Bxe4 16. Nxe4 Nxe4 17. Qe3 Qb6 18. b3 d5 19. Kf1 Rc8 20. Kg2 O-O 21. Ne2
cxb3 22. cxb3 Rc2 23. Rgc1 Rfc8 24. f3 Qa6 25. Kf1 Rxc1+ 26. Rxc1 Rxc1+ 27.
Qxc1 Nd6 28. Qc7 Nf5 29. Kf2 Qf6 30. Qd8+ Kg7 31. Qxd5 e6 32. Qe5 Ne7 33. Nc3
Nc6 34. Qxf6+ Kxf6 35. Ke3 e5 36. dxe5+ Kxe5 37. f4+ Kf5 38. h3 h5 39. Nd5 Ke6
40. Nc3 Ne7 41. Ke4 Nc6 42. g4 f5+ 43. gxf5+ gxf5+ 44. Ke3 Nb4 45. Kd4 h4 46.
Kc4 Nc2 47. Kd3 Ne1+ 48. Ke2 Nc2 49. Kd3 Nb4+ 1/2-1/2

[Event "Elit(Eksjo-Manhem)"]
[Site "?"]
[Date "2012.03.10"]
[Round "8"]
[White "Outgajjouft, Said"]
[Black "Al-Saadi, Ali Ghazi"]
[Result "1-0"]
[WhiteElo "2139"]
[BlackElo "2157"]
[PlyCount "63"]

1. e4 e5 2. Nf3 Nc6 3. d4 exd4 4. Bc4 Nf6 5. e5 d5 6. Bb5 Ne4 7. Nxd4 Bd7 8.
Bxc6 bxc6 9. O-O Be7 10. f3 Nc5 11. f4 Ne4 12. Nc3 Nxc3 13. bxc3 c5 14. Nb3 c4
15. Nd4 c5 16. Ne2 Bc6 17. Be3 Qc7 18. Qe1 g6 19. Qf2 Ba4 20. Ng3 h5 21. f5 h4
22. fxg6 O-O-O 23. Nf5 fxg6 24. Nxe7+ Qxe7 25. Bxc5 Qe6 26. Bxa7 d4 27. cxd4 h3
28. Rab1 hxg2 29. Rb8+ Kc7 30. Qf7+ Qxf7 31. Rxf7+ Kc6 32. Rb4 1-0

[Event "Elit(Eksjo-Manhem)"]
[Site "?"]
[Date "2012.03.10"]
[Round "8"]
[White "Akvist, Hakan"]
[Black "Carlhammar, Magnus"]
[Result "0-1"]
[WhiteElo "2061"]
[BlackElo "2329"]
[PlyCount "140"]

1. d4 d6 2. c4 e5 3. Nf3 Nd7 4. Nc3 Ngf6 5. Bg5 Be7 6. e3 c6 7. Qc2 O-O 8. Bd3
h6 9. Bh4 Nh5 10. Bxe7 Qxe7 11. O-O Re8 12. Rad1 Nf8 13. Bf5 Nf6 14. c5 Bxf5
15. Qxf5 e4 16. cxd6 Qxd6 17. Ne5 Qe7 18. f3 exf3 19. Rxf3 N8d7 20. Nxd7 Qxd7
21. Qxd7 Nxd7 22. e4 Rad8 23. Rfd3 Nf6 24. e5 Nd5 25. Ne4 Re7 26. Rg3 Nf4 27.
Kf2 Rxe5 28. dxe5 Rxd1 29. Ra3 a6 30. Rb3 Ng6 31. e6 fxe6 32. Rxb7 Rd5 33. Nc3
Rf5+ 34. Ke1 Re5+ 35. Kf2 Rf5+ 36. Ke1 Ne5 37. Ke2 Rg5 38. Kf1 Ng4 39. h3 Ne3+
40. Kf2 Nxg2 41. Rb6 Nf4 42. h4 Rc5 43. Kf3 Ng6 44. h5 Rxh5 45. Rxa6 Rf5+ 46.
Kg3 Rg5+ 47. Kh2 Ne5 48. Ne4 Rg4 49. Nf2 Rb4 50. b3 Kf7 51. Ra5 Rb5 52. Ra7+
Kg6 53. Kg3 h5 54. Nh3 Nd3 55. Rc7 Rc5 56. Rd7 Rc3 57. Kh4 e5 58. Rd6+ Kf5 59.
Rd8 g6 60. Rf8+ Ke4 61. Rf6 Nf4 62. Nxf4 exf4 63. Rxg6 Rc2 64. Kh3 Rc1 65. Kg2
f3+ 66. Kf2 Rc2+ 67. Kf1 c5 68. a4 Rb2 69. Rg5 h4 70. Rxc5 h3 0-1

[Event "Elit(Rockaden,Sthlm-LASK)"]
[Site "?"]
[Date "2012.03.10"]
[Round "8"]
[White "Grandelius, Nils"]
[Black "Karlsson, Lars"]
[Result "1-0"]
[WhiteElo "2602"]
[BlackElo "2542"]
[PlyCount "73"]

1. d4 e6 2. c4 f5 3. Nc3 Nf6 4. e3 Bb4 5. Bd2 O-O 6. Bd3 d6 7. Qc2 Qe7 8. Nge2
Nc6 9. O-O g6 10. a3 Bxc3 11. Nxc3 Bd7 12. d5 Ne5 13. Be2 c6 14. f4 Nf7 15.
dxe6 Bxe6 16. Bd3 d5 17. cxd5 Bxd5 18. Nxd5 cxd5 19. Rfe1 Nd6 20. Bc3 Rac8 21.
Qb3 Qe6 22. Bd4 b6 23. Ba6 Rc7 24. Rac1 Nc4 25. Qd3 Ne8 26. b3 Ncd6 27. Bb2 Qe4
28. Qd2 Rff7 29. Be5 b5 30. h3 Rxc1 31. Rxc1 Rc7 32. Rxc7 Nxc7 33. Bxd6 Nxa6
34. Be5 Nc5 35. Qc3 d4 36. Qxc5 dxe3 37. Qe7 1-0

[Event "Elit(Rockaden,Sthlm-LASK)"]
[Site "?"]
[Date "2012.03.10"]
[Round "8"]
[White "Wiedenkeller, Michael"]
[Black "Nilsson, Sebastian"]
[Result "1-0"]
[WhiteElo "2522"]
[BlackElo "2417"]
[PlyCount "71"]

1. c4 Nf6 2. g3 g6 3. Bg2 Bg7 4. Nc3 O-O 5. e4 c5 6. Nge2 Nc6 7. O-O Ne8 8. d3
Nc7 9. a3 Ne6 10. Rb1 a5 11. Bd2 Rb8 12. Nb5 b6 13. f4 Ned4 14. e5 d6 15. Nexd4
Nxd4 16. Nxd4 cxd4 17. Re1 Bb7 18. Bxb7 Rxb7 19. Qf3 Rb8 20. b4 axb4 21. exd6
exd6 22. Bxb4 b5 23. Qd5 bxc4 24. dxc4 Rb6 25. Re4 Qa8 26. Rbe1 h5 27. Qxa8
Rxa8 28. Re8+ Rxe8 29. Rxe8+ Kh7 30. Rc8 d3 31. Kf2 Bd4+ 32. Kf3 Bb2 33. Ke3
Ra6 34. Kxd3 Bxa3 35. Bc3 g5 36. f5 1-0

[Event "Elit(Rockaden,Sthlm-LASK)"]
[Site "?"]
[Date "2012.03.10"]
[Round "8"]
[White "Tikkanen, Hans"]
[Black "Bator, Robert"]
[Result "1-0"]
[WhiteElo "2566"]
[BlackElo "2493"]
[PlyCount "81"]

1. c4 e6 2. g3 d5 3. Bg2 c6 4. Nf3 dxc4 5. a4 Nf6 6. O-O Be7 7. Na3 c5 8. Ne5
Nfd7 9. Nexc4 Nc6 10. d3 O-O 11. Bf4 e5 12. Bd2 Ndb8 13. Bc3 f6 14. Qb3 Kh8 15.
f4 exf4 16. Rxf4 Na6 17. Raf1 Nab4 18. Ne3 Na5 19. Qd1 Be6 20. Nf5 Nac6 21. Rh4
Nd5 22. Bxd5 Bxd5 23. e4 Bg8 24. Qg4 Rf7 25. Rh5 Qd7 26. Nc4 Bf8 27. Nce3 Nd4
28. Bxd4 cxd4 29. Nd5 h6 30. Nf4 Bh7 31. Ng6+ Bxg6 32. Qxg6 Rc8 33. Rf4 Rc1+
34. Kg2 Rc2+ 35. Kh3 Re7 36. Rg4 Qe6 37. Nxd4 Qc8 38. Rxh6+ Kg8 39. Nxc2 Qxc2
40. Rgh4 Qc8+ 41. g4 1-0

[Event "Elit(Rockaden,Sthlm-LASK)"]
[Site "?"]
[Date "2012.03.10"]
[Round "8"]
[White "Hedman, Erik"]
[Black "Gajic, Mladen"]
[Result "1-0"]
[WhiteElo "2444"]
[BlackElo "2315"]
[PlyCount "41"]

1. e4 c5 2. Nf3 e6 3. d4 cxd4 4. Nxd4 a6 5. Nc3 Qc7 6. Be2 b5 7. O-O Bb7 8. Re1
Bc5 9. Be3 d6 10. Bf1 Qd7 11. Nb3 Bxe3 12. Rxe3 Ne7 13. Na5 Bc6 14. Qd2 O-O 15.
a4 bxa4 16. Nc4 Nc8 17. Rd3 Qb7 18. Rg3 Qe7 19. Nxa4 Bxe4 20. Ncb6 Ra7 21. Qc3
1-0

[Event "Elit(Rockaden,Sthlm-LASK)"]
[Site "?"]
[Date "2012.03.10"]
[Round "8"]
[White "Olsson, Linus"]
[Black "Lokander, Martin"]
[Result "0-1"]
[WhiteElo "2318"]
[BlackElo "2313"]
[PlyCount "76"]

1. Nf3 Nf6 2. c4 g6 3. Nc3 d5 4. cxd5 Nxd5 5. d3 Nxc3 6. bxc3 Bg7 7. Bd2 c5 8.
g3 b6 9. Bg2 Bb7 10. O-O O-O 11. Qc1 Re8 12. Bh6 Bh8 13. a4 Nd7 14. Ra2 Ne5 15.
Ne1 Bxg2 16. Nxg2 Qd7 17. Bd2 Nc6 18. Ne3 Rad8 19. Qb1 e5 20. f3 f5 21. Qb3+
Qe6 22. Qxe6+ Rxe6 23. c4 e4 24. Nd5 exd3 25. exd3 Re2 26. Nf4 Bd4+ 27. Kh1
Rde8 28. Nxe2 Rxe2 29. Re1 Rf2 30. a5 bxa5 31. f4 Kf7 32. Rd1 g5 33. Ra3 Kg6
34. Bxa5 Kh5 35. g4+ fxg4 36. fxg5 Ne5 37. Bc7 g3 38. Bxe5 Rxh2# 0-1